000 00882nam a2200277 4500
001 16200
003 ES-MaACL
005 20230906151248.0
007 t|
008 000707s1997 sp ||||0| spa j
016 7 _zIBH82010916
020 _a84-375-0223-3
040 _aIBH
_bspa
_cM-BN-DP
080 _a165.62(04)
080 _a1 Husserl, Edmund
100 1 _aHusserl, Edmund.
_964818
245 1 3 _aLa idea de la fenomenología
_b: cinco lecciones /
_cEdmund Husserl ; [traducción del alemán, Miguel García-Baró].
250 _a1ª ed. en español, 2ª reimp.
260 _aMadrid [etc.] :
_bFondo de Cultura Económica,
_c1997.
300 _a125 p. ;
_c21 cm.
504 _aBibliografía. -- Indice.
650 1 4 _aFenomenología.
_912756
700 1 _aGarcía-Baró, Miguel (
_d1953-)
_9158386
852 _aES-MaACL
_jL-23406
_bR.128529
999 _c16200
_d16200